Normal view
MARC view
- Muhammad Kashif.
Entry Personal Name
001 - CONTROL NUMBER
- control field: 27163
003 - CONTROL NUMBER IDENTIFIER
- control field: NUST
005 - DATE AND TIME OF LATEST TRANSACTION
- control field: 20191225171136.0
008 - FIXED-LENGTH DATA ELEMENTS
- fixed length control field: 191225|| aca||aabn | a|a d
040 ## - CATALOGING SOURCE
- Original cataloging agency: NUST
- Transcribing agency: NUST
100 ## - HEADING--PERSONAL NAME
- Personal name: Muhammad Kashif.
670 ## - SOURCE DATA FOUND
- Source citation: Work cat.: (NUST): Muhammad Kashif., PROJECT MANAGEMENT AND CHANGE MANAGEMENT STRATEGY OF MOBIL INK PROJECT NETWORK MODERNIZATION /, 2013.
